Living with the past (Registro nro. 91290)

Detalles MARC
000 -ENCABEZADO
Número de control [NR] 00801nam a22002177a 4500
005 - FECHA Y HORA DE LA ÚLTIMA TRANSACCIÓN
control field 20250425085307.0
008 - DE LONGITUD FIJA DE DATOS DE ELEMENTOS - INFORMACIÓN GENERAL
Elementos de longitud fija [NR] 130821s1997 xxu gr eng
020 ## - NUMERO INTERNACIONAL NORMALIZADO PARA LIBROS [R]
Número Internacional Normalizado del libro [NR] 188032377X
040 ## - FUENTE DE CATALOGACION [NR]
Agencia de catalogación original [NR] Co-BoUCM
Idioma de catalogación [NR] spa
Quien Cataloga David Moreno (modificó)
Quien Clasifica David Moreno (modificó)
041 00 - CODIGO DE IDIOMA [R]
Código de idioma para texto/pista de sonido o título separado [R] Inglés
245 00 - MENCION DE TITULO [NR]
Título [NR] Living with the past
260 ## - PUBLICACION, DISTRIBUCION, ETC. (PIE DE IMPRENTA) [R]
Lugar de publicación, distribución, etc. [R] Chicago (Illinois, estados Unidos)
Nombre del editor, distribuidor, etc. [R] The Great Books Foundation
Fecha de publicación, distribución, etc. [R] c1997
300 ## - DESCRIPCION FISICA [R]
Extensión [R] xiii, 449 páginas
490 1# - MENCION DE SERIE [R]
Mención de serie [R] 50th anniversary series.
650 04 - ASIENTO SECUNDARIO DE MATERIA - TERMINO TEMATICO [R]
Término temático o nombre geográfico como elemento de entrada [NR] Literatura
9 (RLIN) 18599
Subdivisión general [R] Comprensión lectora y escritura
650 04 - ASIENTO SECUNDARIO DE MATERIA - TERMINO TEMATICO [R]
Término temático o nombre geográfico como elemento de entrada [NR] Literatura
Subdivisión de forma [R] Ingles
9 (RLIN) 18599
710 2# - ASIENTO SECUNDARIO - NOMBRE CORPORATIVO [R]
Nombre corporativo o de jurisdicción como elemento de entrada [NR] Great Books Foundation (U.S.)
9 (RLIN) 153137
830 #0 - ASIENTO SECUNDARIO DE SERIE--TITULO UNIFORME [R]
Título uniforme [NR] Great Books Foundation 50th anniversary series.
9 (RLIN) 171649
942 ## - ELEMENTOS DE ENTRADA AGREGADOS (KOHA)
Tipo de ítem principal el descrito en 300a Libro
Tema principal Literatura
Edición 1
Parte restante de la signatura top. L785
Sistema de clasificación DEWEY
Clasificación 808.8
Título oculto en OPAC No
Existencias
Fecha de último préstamo Total préstamos Signatura topográfica Código de barras Última vez visto Ejemplar Price effective from Tipo de ítem Nota pública (OPAC) Perdido Sistema de clasificación Dañado No prestable Tipo de ítem específico Suprimido Ubicación habitual Ubicación actual Localización Fecha de creación Forma de adquisición Costo
25/11/2011 4 808.8 L785 100081009 03/12/2025 Ej.1 03/02/2013 Libro ASK   DEWEY     Libro   Claustro Claustro 4to piso 30/09/2006 Compra 9.99